Záverečná správa o čiastkovej výskumnej úlohe štátneho plánu VIII-8-7/01-3 Odrazové, semiotické, komunikačné, lingvistické, psychologické a didaktické aspekty interpretácie a recepcie umeleckého textu za roky 1981-85

Bibliographic Details
Format: Book
Language:Slovak
PhysicalDescription:69 s.
Published: Nitra Pedagogická fakulta 1985

MARC

LEADER 00000nam a2200000 a 4500
001 vtls001211835
003 SK-MaSNL
005 20260223161933.0
008 210928s1985 xo 0 slo
035 |a SNK000154910 
040 |a SNK  |b slo  |c SNK  |e AACR2 
041 0 |a slo 
044 |a xo  |c SK 
245 1 |a Záverečná správa o čiastkovej výskumnej úlohe štátneho plánu VIII-8-7/01-3  |b Odrazové, semiotické, komunikačné, lingvistické, psychologické a didaktické aspekty interpretácie a recepcie umeleckého textu za roky 1981-85 
260 |a Nitra  |b Pedagogická fakulta  |c 1985 
300 |a 69 s. 
958 |a OND 
999 |c 609554  |d 611484 
952 |a SNK  |b SNK  |y PREZ  |7 0  |p 17A0859912  |o snkSB 46830  |i snkKSP 7321/90  |0 0  |1 0  |4 0  |d 2013-02-14  |f 1  |l 0  |r 2025-02-07 00:00:00  |w 2026-02-23